000 00877nam a2200265 a 4500
001 BRCA_6448
005 20190320205446.0
008 150110s1904----gw-a######---#000-0#ger-#
041 _ager
044 _agw
050 4 _aNE654.D4
_b.S34 1904
245 1 0 _aDurer
_bdes Meisters Gemälde Kupfertiche und Holzschnitte
_cmit einer Biographischen einleitungen von Valentin Scherer.
260 _aStuttgart, Alemania
_bDeutsche Verlags-Anstalt?
_c1904
300 _axxx, 396 p.
_bil.
_c27 cm.
440 0 _aKlassiker der Kunst in gesamtausgaben
_v4
_916105
500 _aIncluye dedicatoria a Franz Mayer
500 _aEdición con cantos dorados
500 _aM49
600 1 4 _aDurer, Albrecht
_d1471-1528
_948
650 1 4 _aGrabadores alemanes
_97216
650 1 4 _aGrabados alemanes
_916106
700 1 _aScherer, Valentin
_eEditor
_913911
902 _aGFM
942 _2lcc
_cB
999 _c6132
_d6132